ECONOMIC FORECASTING AND POLICY (Record no. 28223)
[ view plain ]
| 000 -LEADER | |
|---|---|
| fixed length control field | 00379nam a2200145Ia 4500 |
| 008 - FIXED-LENGTH DATA ELEMENTS--GENERAL INFORMATION | |
| fixed length control field | 240624s9999 xx 000 0 und d |
| 041 ## - LANGUAGE CODE | |
| Language code of text/sound track or separate title | eng |
| 082 ## - DEWEY DECIMAL CLASSIFICATION NUMBER | |
| Classification number | 330.9001 CAR |
| 100 ## - MAIN ENTRY--PERSONAL NAME | |
| Personal name | CARNOT NICOLAS |
| 245 ## - TITLE STATEMENT | |
| Title | ECONOMIC FORECASTING AND POLICY |
| 250 ## - EDITION STATEMENT | |
| Edition statement | (2nd ed.) |
| 260 ## - PUBLICATION, DISTRIBUTION, ETC. | |
| Date of publication, distribution, etc. | 2011 |
| Place of publication, distribution, etc. | New York |
| Name of publisher, distributor, etc. | Palgrave Macmillan |
| 300 ## - PHYSICAL DESCRIPTION | |
| Extent | xx, : 495 : p. : cm. ; 22 |
| 365 ## - TRADE PRICE | |
| Currency code | ERU |
| Price amount | 38 |
| Withdrawn status | Lost status | Damaged status | Not for loan | Home library | Current library | Shelving location | Date acquired | Source of acquisition | Cost, normal purchase price | Full call number | Barcode | Date last seen | Copy number | Price effective from | Koha item type |
|---|---|---|---|---|---|---|---|---|---|---|---|---|---|---|---|
| IMTN | IMTN | Rack 8-A | 12/19/2016 | BKI | 49.99 | 330.9001 CAR | 28223 | 06/24/2024 | 77.3 | 06/24/2024 | Books |